000 00304nam a22001337a 4500
008 181204b xxu||||| |||| 00| 0 eng d
020 _a9780805317480
041 _aeng
080 _a004
100 _a30
101 _aSHK
245 _aFundamnetals Database Systems
_cElamsri.N
942 _2udc
_cBK
999 _c52797
_d52797